| 000 | 00000nam##2200000za#4500 |
| 001 | 9.572625 |
| 003 | CaOODSP |
| 005 | 20230202144024 |
| 007 | cr ||||||||||| |
| 008 | 150406|1993||||xxc|||||o f|0| 0 eng|d |
| 040 | |aCaOODSP|beng |
| 043 | |an-cn--- |
| 086 | 1 |aH72-22/10-1993E-PDF |
| 110 | 2 |aNational Clearinghouse on Family Violence (Canada). |
| 245 | 10|aParent-child relationships - children / |h[electronic resource]|cprepared by Danièle Fréchette. |
| 260 | |aOttawa - Ontario : |bHealth Canada. |cFebruary 1993. |
| 300 | |a8p.|breferences |
| 490 | 1 |aInformation from the National Clearinghouse on Family Violence |
| 500 | |a"The...sheet deals with children's development and needs..."--Page 1. |
| 500 | |aThe catalogue number (H72-22/10-1993E) and ISBN (0-662-20473-5) for the print edition have been incorrectly copied in this electronic publication. |
| 520 | 3 |a"The...sheet deals with children's development and needs..."--Page 1 |
| 590 | |a11-31-Supp|b2011-12-13 |
| 690 | 07|aParenting|2gcpds |
| 690 | 07|aChildren|2gcpds |
| 720 | 1 |aFréchette, Danièle |
| 775 | 08|tRelations parents-enfants - enfants / |w(CaOODSP)9.602972 |
| 776 | 0#|tParent-child relationships: children / |w(CaOODSP)9.608760 |
| 830 | #0|aInformation from the National Clearinghouse on Family Violence.|w(CaOODSP)9.504469 |
| 856 | 40|ahttp://publications.gc.ca|qPDF|s48 KB|uhttps://publications.gc.ca/collections/Collection/H72-22-10-1993E.pdf |